000 01093nac a22003251i 4500
003 EG-ScBUE
005 20250701101627.0
008 250701t2000 mauab f d 001 0 eng d
020 _a0697360245 (recycled, acid-free paper)
020 _a9780697360243
035 _a(DLC) 99040273
040 _aEG-ScBUE
_beng
_erda
_cEG-ScBUE
_dEG-ScBUE
082 0 0 _a540
_bCHE
_222
245 0 0 _aChemistry in context :
_bapplying chemistry to society /
_cConrad L. Stanitski, University of Central Arkansas [and three others]
250 _aThird edition.
264 1 _aBoston :
_bMcGraw-Hill,
_c[2000]
264 4 _cc2000
300 _axxi, 535 pages :
_billustrations (some color), color maps ;
_c28 cm
336 _2rdacontent
_atext
_btxt
337 _aunmediated
_2rdamedia
_bn
338 _avolume
_bnc
_2rdacarrier
500 _aIncludes index.
500 _aIncludes glossary.
650 7 _aBiochemistry.
_2BUEsh
650 7 _aEnvironmental chemistry.
_2BUEsh
650 7 _aGeochemistry.
_2BUEsh
655 _vReading book
700 1 _aStanitski, Conrad L.,
_eauthor.
942 _cBB
_2ddc
999 _c1423
_d1423